000 00513nam a2200193Ia 4500
999 _c15080
_d15080
003 OSt
005 20201113135005.0
008 190216s9999||||xx |||||||||||||| ||und||
020 _a8189261444
040 _coclc
082 _a428.2
_bSAM/C
100 _aSamson, R
_96460
245 0 _aCommon English Errors /
_cR Samson
250 _a1st Ed.
260 _bK S Paper Backs,
_c2000.
_aNew delhi:
300 _a200p
650 _aEnglish
942 _cBK
_2ddc
_h428.2
_iSAM/C
_k428.2
_mSAM/C